000 00649cam a2200205 a 4500
001 124104
005 20230410130843.0
008 021217s2002 sp 001 0 spa
020 _a8441409765
040 _aDLC
_cDLC
_dDLC
050 1 4 _aPQ 6601.L2
_bA334c 2002
082 0 0 _a861
100 1 _aAlberti, Rafael,
_d1902-1999.
245 1 0 _aCon la luz primera :
_bantología de verso y prosa : obra de 1920 a 1996 /
_cRafael Alberti ; edición de María Asunción Mateo.
260 _aMadrid :
_bEditorial Edaf,
_c2002.
300 _a679 p. ;
_c22 cm.
490 0 _aBiblioteca EDAF ;
_v266
700 1 _aMateo, Marâia Asunciâon.
942 _2lcc
_cbk
999 _c81589
_d81589